Top 10 Most Common Family Surnames in the Philippines - Statistics

General Stats
  • This quiz has been taken 659 times
  • The average score is 4 of 10
Answer Stats
Hint Answer % Correct
From Tagalog: Krus Cruz
89%
From Spanish: Saints Santos
83%
Dumbsmash personality Mendoza
48%
From Spanish: Towers Torres
47%
From Spanish: Royals Reyes
46%
From John the Baptist Bautista
43%
Former Philippine President Garcia
40%
Ambeth is one of them Ocampo
19%
The doubting saint Tomas
18%
Well-know fashion designer Albert Andrada
9%
No matching quizzes found
Score Distribution
Percent of People with Each Score
Percentile by Number Answered
Your Score History
You have not taken this quiz